[Event "SVK-chT2D 1213"]
[Site "Slovakia"]
[Date "2012.10.14"]
[Round "2.5"]
[White "Fecko, Frantisek"]
[Black "Krak, Tomas"]
[Result "0-1"]
[WhiteElo "1842"]
[BlackElo "2297"]
[PlyCount "52"]
[EventDate "2012.10.13"]
[EventType "team-tourn"]
[EventRounds "11"]
[EventCountry "SVK"]
[SourceTitle "EXT 2015"]
[Source "ChessBase"]
[SourceDate "2014.11.20"]
[SourceVersion "1"]
[SourceVersionDate "2014.11.20"]
[SourceQuality "1"]
[WhiteTeam "Kosice SK"]
[BlackTeam "Prakovce"]
[WhiteTeamCountry "SVK"]
[BlackTeamCountry "SVK"]

1. e4 e6 2. d4 d5 3. exd5 exd5 4. Bd3 Nc6 5. Ne2 Bd6 6. Nd2 Bg4 7. Nf3 Bxf3 8. gxf3 Qf6 9. Rg1 Bxh2 10. Rg2 Bd6 11. c3 Nge7 12. Be3 g6 13. f4 Nf5 14. Kd2 0-0-0 15. Ng3 Nxg3 16. fxg3 h5 17. Rh2 Ne7 18. a4 Kb8 19. Qh1 Nf5 20. Bf2 Nh6 21. Be2 Rhe8 22. Re1 c6 23. Bf3 Nf5 24. Rxe8 Rxe8 25. Qg1 h4 26. Rh3 hxg3 0-1

[Event "SVK-chT2D 10/11"]
[Site "Slovakia"]
[Date "2011.03.27"]
[Round "11.63"]
[White "Fecko, Frantisek"]
[Black "Ondo, Radoslav"]
[Result "0-1"]
[WhiteElo "1852"]
[BlackElo "2102"]
[PlyCount "92"]
[EventDate "2010.10.23"]
[EventType "team-tourn"]
[EventRounds "11"]
[EventCountry "SVK"]
[SourceTitle "EXT 2019"]
[Source "ChessBase"]
[SourceDate "2018.10.10"]
[SourceVersion "1"]
[SourceVersionDate "2018.10.10"]
[SourceQuality "1"]
[WhiteTeam "Kosice 1 CC"]
[BlackTeam "Michalovce Zemplin II"]
[WhiteTeamCountry "SVK"]
[BlackTeamCountry "SVK"]

1. e4 e5 2. Nf3 Nc6 3. Nc3 d6 4. d4 exd4 5. Nxd4 Nf6 6. Bc4 Be7 7. Bg5 h6 8. Bh4 0-0 9. a3 a6 10. Qd2 Nxe4 11. Bxe7 Nxd2 12. Bxd8 Nxd4 13. 0-0-0 Nxc4 14. Rxd4 Rxd8 15. Rxc4 c6 16. Re4 Kf8 17. Rhe1 Be6 18. g3 b5 19. Kd2 a5 20. Ne2 Bd5 21. Re3 c5 22. Nf4 Bc6 23. Re7 Rd7 24. R7e3 g6 25. Nd3 Kg7 26. Re7 Kf6 27. R7e3 Rc7 28. c3 Raa7 29. R1e2 Bd5 30. Re1 Bc4 31. Re8 Re7 32. Rd8 Rad7 33. Rxd7 Rxd7 34. Re3 Re7 35. Rf3+ Kg5 36. h4+ Kg4 37. Rf6 Rd7 38. Nc1 h5 39. Rf4+ Kh3 40. Re4 d5 41. Re5 Kg2 42. Ke1 a4 43. Re8 d4 44. Ne2 d3 45. Nf4+ Kg1 46. Nh3+ Kh2 0-1

[Event "SVK-chT2D 10/11"]
[Site "Slovakia"]
[Date "2011.03.05"]
[Round "8.3"]
[White "Kmit, Jozef"]
[Black "Fecko, Frantisek"]
[Result "1-0"]
[WhiteElo "2104"]
[BlackElo "1852"]
[PlyCount "55"]
[EventDate "2010.10.23"]
[EventType "team-tourn"]
[EventRounds "11"]
[EventCountry "SVK"]
[SourceTitle "EXT 2019"]
[Source "ChessBase"]
[SourceDate "2018.10.10"]
[SourceVersion "1"]
[SourceVersionDate "2018.10.10"]
[SourceQuality "1"]
[WhiteTeam "Zborov Magura"]
[BlackTeam "Kosice 1 CC"]
[WhiteTeamCountry "SVK"]
[BlackTeamCountry "SVK"]

1. d4 Nf6 2. Bg5 d6 3. Bxf6 exf6 4. c4 Bf5 5. Nc3 Nd7 6. g3 c6 7. Bg2 Be7 8. Nf3 0-0 9. 0-0 Qc7 10. b4 Nb6 11. c5 dxc5 12. bxc5 Nd7 13. Nh4 Bg6 14. Nxg6 hxg6 15. Qc2 f5 16. e3 Rfe8 17. Rab1 Rec8 18. Rfc1 Rab8 19. Qa4 b5 20. cxb6 Rxb6 21. Rxb6 axb6 22. Nd5 Qd6 23. Qa6 cxd5 24. Rxc8+ Kh7 25. Qa8 g5 26. Qxd5 Qxd5 27. Bxd5 Kg6 28. Rc6+ 1-0

[Event "SVK-chT2D 10/11"]
[Site "Slovakia"]
[Date "2011.01.08"]
[Round "5.2"]
[White "Fecko, Frantisek"]
[Black "Fenda, Zdenek"]
[Result "0-1"]
[WhiteElo "1852"]
[BlackElo "2053"]
[PlyCount "82"]
[EventDate "2010.10.23"]
[EventType "team-tourn"]
[EventRounds "11"]
[EventCountry "SVK"]
[SourceTitle "EXT 2019"]
[Source "ChessBase"]
[SourceDate "2018.10.10"]
[SourceVersion "1"]
[SourceVersionDate "2018.10.10"]
[SourceQuality "1"]
[WhiteTeam "Kosice 1 CC"]
[BlackTeam "Margecany OSK"]
[WhiteTeamCountry "SVK"]
[BlackTeamCountry "SVK"]

1. e4 a6 2. Nf3 b5 3. c4 Bb7 4. Qc2 c6 5. d4 e6 6. c5 d6 7. b4 a5 8. bxa5 dxc5 9. dxc5 Qxa5+ 10. Nbd2 Nd7 11. Bb2 Nxc5 12. Be2 Qa4 13. Nb3 Qxe4 14. Qxe4 Nxe4 15. 0-0 Ngf6 16. Nfd4 Ba3 17. Bxa3 Rxa3 18. Rfc1 0-0 19. Nxc6 Bxc6 20. Rxc6 b4 21. Rc2 Nc3 22. Bf1 Rfa8 23. Nc1 g6 24. Bc4 Kg7 25. f3 Nfd5 26. Kf2 Nd1+ 27. Kg3 N1e3 28. Bxd5 Nxc2 29. Bxa8 Nxa1 30. Be4 b3 31. axb3 Nxb3 32. Nxb3 Rxb3 33. h3 f5 34. Bc2 Rc3 35. Ba4 e5 36. Kf2 Kf6 37. Bb5 Rc2+ 38. Kf1 e4 39. fxe4 fxe4 40. Ba4 Rb2 41. Bc6 Ke5 0-1

[Event "SVK-chT2D 10/11"]
[Site "Slovakia"]
[Date "2010.12.05"]
[Round "4.4"]
[White "Fecko, Frantisek"]
[Black "Sabol, Jan"]
[Result "1/2-1/2"]
[WhiteElo "1852"]
[BlackElo "1943"]
[PlyCount "67"]
[EventDate "2010.10.23"]
[EventType "team-tourn"]
[EventRounds "11"]
[EventCountry "SVK"]
[SourceTitle "EXT 2019"]
[Source "ChessBase"]
[SourceDate "2018.10.10"]
[SourceVersion "1"]
[SourceVersionDate "2018.10.10"]
[SourceQuality "1"]
[WhiteTeam "Kosice 1 CC"]
[BlackTeam "Presov Slavia PU"]
[WhiteTeamCountry "SVK"]
[BlackTeamCountry "SVK"]

1. e4 c5 2. Nf3 d6 3. c3 Nf6 4. Be2 Nc6 5. d4 cxd4 6. cxd4 Nxe4 7. d5 Qa5+ 8. Nc3 Nxc3 9. bxc3 Ne5 10. Nxe5 Qxc3+ 11. Bd2 Qxe5 12. 0-0 Qxd5 13. Rb1 e5 14. Bb5+ Bd7 15. Bxd7+ Kxd7 16. Qa4+ Kd8 17. Ba5+ b6 18. Bc3 Be7 19. Rfd1 Qe6 20. Rxb6 axb6 21. Qxa8+ Qc8 22. Qa3 Ke8 23. Bb4 f6 24. Bxd6 Qd7 25. Qa8+ Qd8 26. Qc6+ Kf7 27. Qd5+ Kg6 28. Qe4+ Kh6 29. Qb4 Bxd6 30. Rxd6 Qc7 31. Qh4+ Kg6 32. Qg4+ Kh6 33. Qh4+ Kg6 34. Qg4+ 1/2-1/2